[Event "XV Torneo di Capodanno"]
[Site "Reggio nell'Emilia ITA"]
[Date "1972.12.27"]
[Round "1"]
[White "Cobo Arteaga, Eldis"]
[Black "Popov, Luben Stojanov"]
[Result "1/2-1/2"]
[WhiteElo "2420"]
[BlackElo "2450"]
[PlyCount "46"]
[EventDate "1972.12.27"]

1. d4 g6 2. g3 Bg7 3. Bg2 Nc6 4. d5 Na5 5. e4 c5 6. Ne2 d6 7. Nbc3 Rb8 8. a4 a6
9. b3 b5 10. axb5 axb5 11. Bb2 Nf6 12. O-O O-O 13. h3 Qc7 14. Ra2 b4 15. Na4
Bd7 16. Re1 Ra8 17. Nf4 Nb7 18. Qa1 Ra5 19. e5 dxe5 20. Bxe5 Nd6 21. Nb2 Rfa8
22. Rxa5 Rxa5 23. Qd1 Bb5 1/2-1/2

[Event "XV Torneo di Capodanno"]
[Site "Reggio nell'Emilia ITA"]
[Date "1972.12.27"]
[Round "1"]
[White "Markland, Peter Richard"]
[Black "Ghizdavu, Dumitru"]
[Result "1/2-1/2"]
[WhiteElo "2420"]
[BlackElo "2385"]
[PlyCount "109"]
[EventDate "1972.12.27"]

1. e4 Nf6 2. e5 Nd5 3. c4 Nb6 4. c5 Nd5 5. Bc4 e6 6. Nc3 Nxc3 7. dxc3 Nc6 8.
Bf4 b6 9. cxb6 axb6 10. Nf3 Be7 11. O-O O-O 12. Qe2 f5 13. exf6 Bxf6 14. Rfd1
d5 15. Bg3 Kh8 16. Bb5 Na7 17. Bd3 Nc6 18. a3 Qe7 19. Re1 Qf7 20. Qc2 Qh5 21.
Bb5 Ne7 22. Bxc7 d4 23. Be2 Qc5 24. Qe4 Bd7 25. Be5 dxc3 26. bxc3 Rxa3 27. Bd3
Ng6 28. Rxa3 Qxa3 29. Bxf6 gxf6 30. Qd4 Bc8 31. Bxg6 hxg6 32. Nh4 Kh7 33. Qg4
Rg8 34. Qh3 Kg7 35. Qg3 Kh6 36. Qf4+ Kg7 37. Qc7+ Kh6 38. h3 g5 39. Nf3 Qc5 40.
Qxc5 bxc5 41. Nd2 Rd8 42. Ne4 Rd3 43. Re3 Rd1+ 44. Kh2 Kg6 45. Nxc5 e5 46. g4
Ra1 47. Rd3 Ra5 48. Ne4 Bb7 49. Nd6 Bc6 50. f3 Ra2+ 51. Kg3 Rc2 52. c4 Ra2 53.
Rc3 Kg7 54. c5 Kf8 55. Nf5 1/2-1/2

[Event "XV Torneo di Capodanno"]
[Site "Reggio nell'Emilia ITA"]
[Date "1973.01.02"]
[Round "7"]
[White "Torre, Eugenio"]
[Black "Ghizdavu, Dumitru"]
[Result "1/2-1/2"]
[WhiteElo "2400"]
[BlackElo "2385"]
[PlyCount "38"]
[EventDate "1972.12.27"]

1. e4 Nf6 2. e5 Nd5 3. d4 d6 4. Nf3 g6 5. c4 Nb6 6. exd6 cxd6 7. h3 Bg7 8. Nc3
O-O 9. Be2 Nc6 10. O-O Bf5 11. Be3 d5 12. c5 Nc4 13. Bxc4 dxc4 14. Qa4 Bd3 15.
Rfe1 Nxd4 16. Bxd4 Bxd4 17. Nxd4 Qxd4 18. Rxe7 Qxc5 19. Rxb7 Rfb8 1/2-1/2

[Event "XV Torneo di Capodanno"]
[Site "Reggio nell'Emilia ITA"]
[Date "1973.01.05"]
[Round "10"]
[White "Markland, Peter Richard"]
[Black "Popov, Luben Stojanov"]
[Result "1/2-1/2"]
[WhiteElo "2420"]
[BlackElo "2450"]
[PlyCount "30"]
[EventDate "1972.12.27"]

1. e4 c5 2. Nf3 e6 3. c3 Nf6 4. e5 Nd5 5. d4 cxd4 6. cxd4 d6 7. Nc3 Nc6 8. Nxd5
exd5 9. Be2 dxe5 10. Nxe5 Bb4+ 11. Bd2 Qa5 12. Nxc6 bxc6 13. a3 Bxd2+ 14. Qxd2
Qxd2+ 15. Kxd2 Kd7 1/2-1/2